[Event "Mazowieckie-chT 0405"]
[Site "Poland"]
[Date "2004.11.07"]
[Round "3"]
[White "Gronkowski, Dariusz"]
[Black "Suski, Wladyslaw"]
[Result "1-0"]
[WhiteElo "2000"]
[BlackElo "1800"]
[PlyCount "79"]
[EventDate "2004.10.03"]
[EventType "team-tourn"]
[EventRounds "10"]
[EventCountry "POL"]
[SourceTitle "EXT 2019"]
[Source "ChessBase"]
[SourceDate "2018.10.10"]
[SourceVersion "1"]
[SourceVersionDate "2018.10.10"]
[SourceQuality "1"]

1. e4 e6 2. Nf3 d5 3. e5 c5 4. d4 Nc6 5. c3 Qb6 6. a3 cxd4 7. cxd4 Nge7 8. Bd3 Bd7 9. Bc2 Nf5 10. Bxf5 exf5 11. Nc3 Be6 12. 0-0 h6 13. Qd3 Be7 14. Ne2 g5 15. b4 a6 16. Nd2 h5 17. Nb3 g4 18. Nf4 h4 19. Nc5 Bxc5 20. bxc5 Qc7 21. Bd2 Ke7 22. Rab1 Rab8 23. Rb6 g3 24. fxg3 hxg3 25. h4 Kd7 26. h5 Rhg8 27. Rfb1 Kc8 28. h6 Qe7 29. h7 Rh8 30. Qxg3 Qf8 31. Qd3 Qe8 32. Nh5 Qd7 33. Nf6 Qc7 34. Bh6 Nxe5 35. dxe5 Qxe5 36. Bg5 f4 37. c6 Bf5 38. cxb7+ Rxb7 39. Rc1+ Rc7 40. Qxa6+ 1-0